People Pictured with Pope John Paul II - Statistics

General Stats
  • This quiz has been taken 205 times
  • The average score is 12 of 16
Answer Stats
Picture Answer % Correct
Queen Elizabeth II
97%
George W. Bush
93%
Ronald Reagan
93%
Vladimir Putin
93%
Bill Clinton
92%
Mother Theresa
91%
Princess Diana
90%
Nelson Mandela
87%
Dalai Lama
84%
Jimmy Carter
81%
Muhammad Ali
81%
Mikhail Gorbachev
78%
Fidel Castro
67%
Clint Eastwood
57%
Bob Dylan
31%
Rosa Parks
25%
No matching quizzes found
Score Distribution
Percent of People with Each Score
Percentile by Number Answered
Your Score History
You have not taken this quiz